000 01131cam a2200337 i 4500
001 000014342
003 DO-SdBNP
005 20260310133940.0
007 ta
008 721012s1973 mx 000 0 spa d
040 _aDO-SdBNP
_bspa
_cBNPHU
_erda
041 _aspa
042 _apremarc
049 _aBNGR
082 4 _a320.54
_bW796n 1973
_222
100 1 _aWionczek, Miguel S.,
_eautor
_4aut.
_932365
245 1 3 _aEl nacionalismo mexicano y la inversión extranjera /
_cMiguel S. Wionczek ; traducción de, Jorge Eduardo Navarrete.
250 _aSegunda edición
264 1 _aMéxico :
_bSiglo Veintiuno,
_c1973.
300 _aviii, 314 páginas ;
_c18cm.
336 _atexto
_btxt
_2rdacontent
337 _asin mediación
_bn
_2rdamedia
338 _ardacarrier
_bnc
_2rdacarrier
490 1 _aEconomía y demografía
504 _aBibliografía : páginas 310-314
650 4 _aNacionalismo
_zMéxico
_y1900-1966
_910966
650 4 _aInversiones extranjeras
_zMéxico
_y1900-1966
_932367
700 1 _aNavarrete, Jorge Eduardo,
_etraductor
_932368
_4tr.
910 _aCatalogación por copia/LC
942 _2ddc
_cLBS1
999 _c13934
_d13934